Statistics for Top 5 NFL Players ever to play for the Browns

Click here to take the quiz!

General Stats

  • This quiz has been taken 25 times
  • The average score is 3 of 5

Answer Stats

CareerPos.Player% Correct
1957-1965RBJim Brown
100%
1946-1955QBOtto Graham
91%
1978-1990TEOzzie Newsome
68%
1946-1953RBMarion Motley
18%
1953-1954DEDoug Atkins
0%

Score Distribution

Percentile by Number Answered

Percent of People with Each Score

Your Score History

You have not taken this quiz